Online
Catalog

De la acera de enfrente : (Record no. 43570)

MARC details
000 -CABECERA
campo de control de longitud fija 00644nam a2200181 a 4500
001 - NÚMERO DE CONTROL
campo de control 000044081
005 - FECHA Y HORA DE LA ÚLTIMA TRANSACCIÓN
campo de control 20201002045132.0
008 - DATOS DE LONGITUD FIJA--INFORMACIÓN GENERAL
campo de control de longitud fija 140515s1994 sp a 000 0 spa d
020 ## - NÚMERO INTERNACIONAL ESTÁNDAR DEL LIBRO
Número Internacional Estándar del Libro 8478803645
040 ## - FUENTE DE LA CATALOGACIÓN
Centro catalogador/agencia de origen DO-SdBNP
Lengua de catalogación spa
Centro/agencia transcriptor BNPHU
100 1# - ENTRADA PRINCIPAL--NOMBRE DE PERSONA
Nombre de persona Alas Mínguez, Leopoldo
Títulos y otros términos asociados al nombre 1962-2008
9 (RLIN) 72078
245 10 - MENCIÓN DE TÍTULO
Título De la acera de enfrente :
Resto del título todo lo que se debe saber de los gays y nadie se ha atrevido a contar /
Mención de responsabilidad, etc. Leopoldo Alas.
260 ## - PUBLICACIÓN, DISTRIBUCIÓN, ETC.
Lugar de publicación, distribución, etc. Madrid :
Nombre del editor, distribuidor, etc. Temas de Hoy,
Fecha de publicación, distribución, etc. 1994.
300 ## - DESCRIPCIÓN FÍSICA
Extensión 191 p. ;
Dimensiones 21 cm.
490 1# - MENCIÓN DE SERIE
Mención de serie El papagayo
Designación de volumen o secuencia 83
500 ## - NOTA GENERAL
Nota general Incluye datos biográficos del autor en la solapa de la cubierta
830 #0 - PUNTO DE ACCESO ADICIONAL DE SERIE-TÍTULO UNIFORME
Título uniforme El papagayo
Designación de volumen o secuencia 83
9 (RLIN) 43887
Holdings
Estado de retiro Estado de pérdida Restricciones de uso No para préstamo Código de colección Localización permanente Ubicación/localización actual Ubicación en estantería Fecha de adquisición Número de inventario Total de préstamos Signatura topográfica completa Código de barras Fecha visto por última vez Precio válido a partir de Tipo de ítem Koha
      Excluido de préstamo Monografías: Libros y Folletos General General En catalogación 15.05.2014 LF1   44081-10 25.06.2020 25.06.2020 No se presta

Powered by Koha